000 00647cam a22002413a 4500
001 31930
003 PGUSA
005 20140828083706.0
008 100409s2010||||xxu|||||s|||||000 1 eng d
040 _aPGUSA
_beng
042 _adc
050 4 _aPS
100 1 _aMayer, Frank
245 1 4 _aThe Song of the Wolf
_h[electronic resource] /
_cFrank Mayer
260 _bProject Gutenberg,
_c2010
506 _aPublic domain in the USA.
516 _aElectronic text
653 _aColorado -- Fiction
653 _aRanch life -- Fiction
830 0 _aProject Gutenberg
_v31930
856 4 0 _uhttp://www.gutenberg.org/ebooks/31930
942 _cEB
999 _c261185
_d261185